00631nam a2200181Ia 4500952014900000999001700149003000400166005001700170008004100187040000900228082001800237100002700255245004000282260006400322300000900386650001200395942004200407 00102ddc40708HISTORYaMESbMEScHISd2019-02-20g70.00l11m13o954.83 GAN/Kp39753r2025-05-02 12:35:02s2025-05-02w2019-02-20yBKzGL34R1 c21909d21909OSt20201204144508.0190216s9999||||xx |||||||||||||| ||und|| coclc a954.83bGAN/K aGangadharan, T K91824 0aKerala Charitram /cT K Gangadharan bCalicut University Central Co-Operative,c2001.aKozhikode: a356p aHistory cBK2ddch954.83iGAN/Kk954.83mGAN/K